Logos de marques de fromages - Statistiques

Statistiques générales
  • Ce quiz a été pris 36 569 fois
  • Le résultat moyen est 9 sur 16
Statistiques - réponses
Par images Réponse % Correct
Babybel
99%
Kiri
98%
Président
98%
La vache qui rit
94%
Caprice des Dieux
88%
Chaussée aux Moines
83%
St Môret
76%
Leerdammer
72%
Entremont
62%
Salakis
47%
Société
34%
Chavroux
16%
Etorki
13%
Papillon
13%
Casa Azzurra
9%
Fauquet
4%
Aucun quiz correspondant
Distribution des résultats
% des personnes avec chaque résultat
Percentile par nombre de réponses
Votre historique - résultats
Vous n’avez pas pris ce quiz